000 00499nam a2200181Ia 4500
001 3146
005 20260306144859.0
008 260306t2010||||xx |||||||||||||| ||spa||
041 _aESP
082 _a261.4
_bF81 T. 1
100 _aFrancisco de Sales, San
_eAUT
245 0 _aObras selectas:
_bintroducción a la vida devota; Sermones escogidos; Conversaciones espirituales
260 _c2010
300 _a852 páginas :
_c20 cm.
650 _aGEN
654 _aCHU
942 _cLIB
_dJUS
_fJUS
_2ddc
_n
999 _c3146
_d3146